Представление документа в формате RUSMARC

ПолеНазваниеЗначение
  Тип записи a
  Библиографический уровень a
001 Контрольный номер RU/CBS_UL/BASE/596579935
005 Дата корректировки 20240209175232.2
100 Данные общей обработки __
a Данные общей обработки 20181126d2018 ||| 0rusy0189 ca
101 Язык документа 0_
a Язык текста rus
102 Страна публикации __
a Страна публикации RU
105 Кодированные данные (монография) __
a Кодированные данные (монография) y###||||000|y
200 Заглавие и сведения об ответственности 1_
a Заглавие Открытым подтекстом
b Общее обозначение материала Текст
e Сведения, относящиеся к заглавию [Мюнхенское соглашение 1938 года]
f Первые сведения об ответственности Л. Максименков
300 Общие примечания __
a Общие примечания Ограничения по возрасту - 16+
461 Уровень набора _0
1 2000
a Огонёк
463 Уровень физической единицы _0
1 001RU/CBS_UL/BASE/594949170
1 2000
a № 37 (1 октября)
v С. 16-19: фото.
1 210
d 2018
606 Тематические рубрики 0_
a Основная рубрика Мюнхенское соглашение - 1938
y Географическая подрубрика Мюнхен, город (Германия)
610 Ключевые слова 0_
a Ключевые слова история
a Ключевые слова соглашения
a Ключевые слова международные отношения
a Ключевые слова мюнхенское соглашение
a Ключевые слова дипломатия
686 Индексы других классификаций __
a Классификационный индекс 63.3(0)61
2 Код системы ББК
700 Автор _1
a Фамилия Максименков
b Имя (инициалы) Л.
801 Источник записи _0
a Страна RU
b Организация МБУК ЦБС г. Ульяновска
c Дата составления 20181126
g Правила каталогизации RCR
801 Источник записи _1
a Страна RU
b Организация МБУК ЦБС г. Ульяновска
c Дата составления 20181126
g Правила каталогизации RCR
901 Тип документа __
t Тип документа b
w Контрольный № источника RU/CBS_UL/BASE/594949170
910 Корректоры записи __
a Корректор записи Библиотека 8
938 Служебная информация __
a Имя БД period